Investigación de mercados/ (Registro nro. 9187)

Detalles MARC
000 -LEADER
fixed length control field 01593nam a2200217Ia 4500
005 - FECHA Y HORA DE LA ÚLTIMA TRANSACCIÓN
control field 20230907102922.0
008 - FIXED-LENGTH DATA ELEMENTS--GENERAL INFORMATION
fixed length control field 230906s9999 xx 000 0 und d
020 ## - INTERNATIONAL STANDARD BOOK NUMBER
International Standard Book Number 970-686-366-4
040 ## - CATALOGING SOURCE
Original cataloging agency UPAN
Transcribing agency Biblioteca San Vicente
Description conventions RCAA2
041 ## - LANGUAGE CODE
Language code of text/sound track or separate title spa
082 ## - DEWEY DECIMAL CLASSIFICATION NUMBER
Classification number 658.83
Item number M333i
año de publicación 2005
100 ## - MAIN ENTRY--PERSONAL NAME
Personal name McDaniel, Carl
Relator code aut.
245 #0 - TITLE STATEMENT
Title Investigación de mercados/
Statement of responsibility, etc Carl McDaniel, Roger Gates
250 ## - EDITION STATEMENT
Edition statement 6° ed.
260 ## - PUBLICATION, DISTRIBUTION, ETC. (IMPRINT)
Place of publication, distribution, etc México:
Name of publisher, distributor, etc Thomson,
Date of publication, distribution, etc 2005
300 ## - PHYSICAL DESCRIPTION
Extent 692 p.;
Dimensions 26 cm.
505 ## - FORMATTED CONTENTS NOTE
Formatted contents note 1. El papel de la investigación de mercados en la toma de decisiones administrativas<br/>2. La industria de la investigación de mercados<br/>3. La definición del problema y el proceso de investigación<br/>4. datos secundarios y bases de datos<br/>5. Investigación cualitativa<br/>6. Investigación por encuestas: El profundo impacto de internet<br/>7. Recopilación de datos primarios: observación<br/>8. Recopilación de datos primarios: experimentación<br/>9.El concepto de la medición<br/>10. Utilización de escalas de mediciones para lograr un marketing eficaz<br/>11.Desiño del cuestionario<br/>12.Aspectos básicos del muestreo<br/>13. Determinación del tamaño de la muestra<br/>14. Procesamiento de datos y análisis fundamental de datos<br/>15. pruebas estadísticas de las diferencias<br/>16. Correlación bivariada y regresión<br/>17.Análisis multivariado de datos<br/>18. Comunicación de los resultados de la investigación<br/>19 Administración de la investigación de mercados y ética de investigación<br/>
650 ## - SUBJECT ADDED ENTRY--TOPICAL TERM
Source of heading or term LEMB
General subdivision Mercadeo-Investigaciones
700 ## - ADDED ENTRY--PERSONAL NAME
Personal name Gates, Roger
Relator code aut.
942 ## - ADDED ENTRY ELEMENTS (KOHA)
Koha item type Libros
Source of classification or shelving scheme Dewey Decimal Classification
Existencias
Withdrawn status Lost status Source of classification or shelving scheme Damaged status Not for loan Collection code Home library Current library Date acquired Total Checkouts Full call number Barcode Date last seen Copy number Price effective from Koha item type
    Dewey Decimal Classification     Colección General Biblioteca UPAN San Vicente Biblioteca UPAN San Vicente 06/09/2023   658.83 M333i 12002386 06/09/2023 01 06/09/2023 Libros
    Dewey Decimal Classification     Colección General Biblioteca UPAN San Vicente Biblioteca UPAN San Vicente 07/09/2023   658.83 M333i 12002385 07/09/2023 02 07/09/2023 Libros
    Dewey Decimal Classification     Colección General Biblioteca UPAN San Vicente Biblioteca UPAN San Vicente 07/09/2023   658.83 M333i 12002384 07/09/2023 03 07/09/2023 Libros